Find the celebrities - Statistics

General Stats
  • This quiz has been taken 29 times
  • The average score is 9 of 15
Answer Stats
Picture Answer % Correct
Winston Churchill
92%
Michael Jordan
88%
Lionel Messi
84%
Snoop Dogg
84%
Paris Hilton
80%
Justin Trudeau
76%
Kylie Jenner
64%
Tony Blair
60%
Boris Yeltsin
56%
Groucho Marx
52%
Jason Statham
52%
Judy Garland
48%
Bob Hope
40%
Alicia Silverstone
36%
Bryan Cranston
28%
No matching quizzes found
Score Distribution
Percent of People with Each Score
Percentile by Number Answered
Your Score History
You have not taken this quiz